[Event "Liga Madrileña - DH 2011-2012"]
[Site "Madrid ESP"]
[Date "2012.02.19"]
[Round "11.13"]
[White "Fernandez Garcia, Miguel Angel"]
[Black "Moreno Ruiz, Javier"]
[Result "0-1"]
[WhiteElo "2318"]
[BlackElo "2513"]
[PlyCount "100"]
[EventDate "2011.11.13"]
[EventType "team"]
[EventRounds "14"]
[EventCountry "ESP"]
[Source "lmi"]
[SourceDate "2011.11.13"]
[WhiteTeam "Amigos del Retiro"]
[BlackTeam "Collado Villalba"]
[WhiteTeamCountry "ESP"]
[BlackTeamCountry "ESP"]

1. d4 Nf6 2. c4 e6 3. g3 d5 4. Nf3 Bb4+ 5. Bd2 Bd6 6. Qc2 c6 7. Bg2 Nbd7 8. O-O
O-O 9. Bg5 h6 10. Bxf6 Nxf6 11. Nbd2 b6 12. e4 Be7 13. cxd5 cxd5 14. e5 Nd7 15.
Rfc1 Bb7 16. Qc7 Ba6 17. Bf1 Bxf1 18. Qxd8 Rfxd8 19. Kxf1 Rdc8 20. Ke2 f6 21.
Nb3 Kf7 22. Rxc8 Rxc8 23. Rc1 Rc4 24. Rxc4 dxc4 25. Nbd2 b5 26. a4 a6 27. axb5
axb5 28. exf6 gxf6 29. Ne4 Nb6 30. Kd1 b4 31. Ned2 Ke8 32. Ne1 Kd7 33. Nc2 Kc6
34. Ne3 Kb5 35. b3 cxb3 36. Nxb3 Nc4 37. Kc2 Nxe3+ 38. fxe3 f5 39. Kd3 Ka4 40.
Kc4 Ka3 41. Na1 Kb2 42. Nb3 Kc2 43. Na5 h5 44. d5 e5 45. Nb3 Bf8 46. Nc5 Kd2
47. Kxb4 Kxe3 48. Kc4 f4 49. gxf4 exf4 50. Ne4 Kxe4 0-1

[Event "Liga Madrileña - DH 2011-2012"]
[Site "Madrid ESP"]
[Date "2012.02.19"]
[Round "11.14"]
[White "Taboas Rodriguez, Daniel"]
[Black "Perez Gonzalez, Jose Manuel"]
[Result "1/2-1/2"]
[WhiteElo "2418"]
[BlackElo "2304"]
[PlyCount "50"]
[EventDate "2011.11.13"]
[EventType "team"]
[EventRounds "14"]
[EventCountry "ESP"]
[Source "lmi"]
[SourceDate "2011.11.13"]
[WhiteTeam "Collado Villalba"]
[BlackTeam "Amigos del Retiro"]
[WhiteTeamCountry "ESP"]
[BlackTeamCountry "ESP"]

1. d4 Nf6 2. Nf3 g6 3. c4 c5 4. d5 b5 5. cxb5 a6 6. b6 Qxb6 7. Nc3 d6 8. e4 Bg4
9. Qa4+ Bd7 10. Qb3 Qb4 11. Nd2 Bg7 12. Bc4 O-O 13. O-O Bb5 14. Qxb4 cxb4 15.
Nxb5 axb5 16. Bxb5 Nbd7 17. Nb3 Rab8 18. Bxd7 Nxd7 19. f3 Rfc8 20. Rf2 Ne5 21.
Kf1 Rb7 22. Re2 Rbc7 23. Rb1 Ra8 24. Ra1 Rac8 25. Rb1 Ra8 1/2-1/2

[Event "Liga Madrileña - DH 2011-2012"]
[Site "Madrid ESP"]
[Date "2012.02.19"]
[Round "11.15"]
[White "Sanchez Gonzalez, Sergio"]
[Black "Cao Armillas, Jesus"]
[Result "1-0"]
[WhiteElo "2286"]
[BlackElo "2174"]
[PlyCount "91"]
[EventDate "2011.11.13"]
[EventType "team"]
[EventRounds "14"]
[EventCountry "ESP"]
[Source "lmi"]
[SourceDate "2011.11.13"]
[WhiteTeam "Amigos del Retiro"]
[BlackTeam "Collado Villalba"]
[WhiteTeamCountry "ESP"]
[BlackTeamCountry "ESP"]

1. c4 e5 2. Nc3 Nf6 3. Nf3 Nc6 4. e3 Bb4 5. Qc2 O-O 6. Bd3 Bxc3 7. dxc3 Qe7 8.
e4 h6 9. h3 d6 10. g4 Nh7 11. Be3 Nd8 12. O-O-O Ne6 13. Qd2 Qf6 14. Ne1 b6 15.
h4 g5 16. hxg5 hxg5 17. f3 Kg7 18. Nc2 Rh8 19. Nb4 Bb7 20. Nd5 Bxd5 21. exd5
Nf4 22. Bf5 Rag8 23. Bxf4 gxf4 24. Bxh7 Rxh7 25. Rxh7+ Kxh7 26. Qc2+ Kg7 27.
Rh1 Rh8 28. Rxh8 Kxh8 29. b4 Kg7 30. Qe2 e4 31. Qxe4 Qxc3+ 32. Kb1 Qd2 33. a3
Qd1+ 34. Kb2 Qd2+ 35. Qc2 Qe3 36. Qc3+ Qe5 37. Qxe5+ dxe5 38. Kc2 e4 39. fxe4
Kf6 40. c5 bxc5 41. bxc5 Ke5 42. Kc3 f6 43. a4 a5 44. Kd2 Kxe4 45. d6 cxd6 46.
cxd6 1-0

[Event "Liga Madrileña - DH 2011-2012"]
[Site "Madrid ESP"]
[Date "2012.02.19"]
[Round "11.21"]
[White "Anton Guijarro, David"]
[Black "Arribas Lopez, Angel"]
[Result "1/2-1/2"]
[WhiteElo "2469"]
[BlackElo "2487"]
[PlyCount "99"]
[EventDate "2011.11.13"]
[EventType "team"]
[EventRounds "14"]
[EventCountry "ESP"]
[Source "lmi"]
[SourceDate "2011.11.13"]
[WhiteTeam "Virgen de Atocha"]
[BlackTeam "Leganes"]
[WhiteTeamCountry "ESP"]
[BlackTeamCountry "ESP"]

1. c4 Nf6 2. Nc3 e5 3. g3 d5 4. cxd5 Nxd5 5. Bg2 Nb6 6. Nf3 Nc6 7. O-O Be7 8.
a3 O-O 9. b4 Be6 10. Rb1 f6 11. d3 Nd4 12. Nh4 Nd5 13. Nxd5 Bxd5 14. Bxd5+ Qxd5
15. e3 Nb5 16. Nf5 Rf7 17. Bb2 Bf8 18. e4 Qa2 19. a4 Na3 20. Bxa3 Qxa3 21. Qb3
Qxb3 22. Rxb3 Rd7 23. Rc1 g6 24. Ne3 Bh6 25. Kf1 Kf7 26. Ke2 Bxe3 27. fxe3 Ke6
28. b5 f5 29. exf5+ gxf5 30. Rc4 Rg8 31. Rbc3 Rgg7 32. Rh4 Rg4 33. Rc4 Rxc4 34.
Rxc4 Kd5 35. Kd2 c6 36. bxc6 bxc6 37. Kc3 Rb7 38. Rh4 a5 39. e4+ fxe4 40. dxe4+
Kc5 41. Rh5 Kd6 42. Rh6+ Kc5 43. Re6 Rb4 44. Rxe5+ Kb6 45. Re8 Rxa4 46. e5 Kc5
47. Rd8 Re4 48. Ra8 Re3+ 49. Kd2 Rxe5 50. Rxa5+ 1/2-1/2

[Event "Liga Madrileña - DH 2011-2012"]
[Site "Madrid ESP"]
[Date "2012.02.19"]
[Round "11.22"]
[White "Prieto Martin, Alfonso"]
[Black "Almagro Llamas, Pablo"]
[Result "0-1"]
[WhiteElo "2158"]
[BlackElo "2461"]
[PlyCount "94"]
[EventDate "2011.11.13"]
[EventType "team"]
[EventRounds "14"]
[EventCountry "ESP"]
[Source "lmi"]
[SourceDate "2011.11.13"]
[WhiteTeam "Leganes"]
[BlackTeam "Virgen de Atocha"]
[WhiteTeamCountry "ESP"]
[BlackTeamCountry "ESP"]

1. c4 Nf6 2. Nc3 e5 3. Nf3 Nc6 4. d4 exd4 5. Nxd4 Bb4 6. Bg5 h6 7. Bh4 g5 8.
Bg3 Bxc3+ 9. bxc3 Ne4 10. Qc2 Nxg3 11. hxg3 Qf6 12. e3 d6 13. Be2 Ne5 14. Rd1
Bd7 15. Qe4 O-O-O 16. Rb1 c6 17. O-O Qg6 18. Qxg6 Nxg6 19. Rfd1 Kc7 20. Rd2 h5
21. Rbd1 Bc8 22. f4 h4 23. Nf3 gxf4 24. gxf4 Bf5 25. Ng5 Rhf8 26. Bh5 f6 27.
Nf3 Rh8 28. Bxg6 Bxg6 29. c5 d5 30. Kf2 Be4 31. Rh1 Rdg8 32. Rh3 b6 33. cxb6+
axb6 34. Kf1 Rg3 35. Kf2 Rxh3 36. gxh3 b5 37. Rd1 Bxf3 38. Kxf3 Rg8 39. Rh1
Rg3+ 40. Kf2 Kb6 41. Rh2 f5 42. Ke2 c5 43. Kd3 Kc6 44. Kd2 Rg1 45. Kc2 c4 46.
Kb2 Rg3 47. Kc2 Rxe3 0-1

[Event "Liga Madrileña - DH 2011-2012"]
[Site "Madrid ESP"]
[Date "2012.02.19"]
[Round "11.23"]
[White "Rubio Mejia, Luis Ignacio"]
[Black "Ballester de Miguel, Miguel Angel"]
[Result "1-0"]
[WhiteElo "2439"]
[BlackElo "2070"]
[PlyCount "89"]
[EventDate "2011.11.13"]
[EventType "team"]
[EventRounds "14"]
[EventCountry "ESP"]
[Source "lmi"]
[SourceDate "2011.11.13"]
[WhiteTeam "Virgen de Atocha"]
[BlackTeam "Leganes"]
[WhiteTeamCountry "ESP"]
[BlackTeamCountry "ESP"]

1. d4 Nf6 2. c4 g6 3. Nc3 Bg7 4. e4 O-O 5. Nf3 d6 6. Be2 e5 7. Be3 Ng4 8. Bg5
f6 9. Bh4 Nc6 10. d5 Ne7 11. Nd2 Nh6 12. f3 g5 13. Bf2 Ng6 14. g4 a6 15. Nb3
Nf4 16. Bf1 c5 17. h4 Nf7 18. Qd2 gxh4 19. Bxh4 Bh6 20. Qh2 b5 21. Bg3 Ng6 22.
cxb5 axb5 23. Bxb5 Ba6 24. Bxa6 Rxa6 25. Nd2 Bxd2+ 26. Qxd2 Ng5 27. Kf2 Qb6 28.
Kg2 Rb8 29. b3 Qb4 30. Rhc1 Rba8 31. Rc2 Qb7 32. Nd1 Ra3 33. Qc3 R8a6 34. Ne3
Qa8 35. Nc4 Rxa2 36. Raxa2 Rxa2 37. Nxd6 Ra1 38. Qxc5 Nf8 39. Nf5 Qa6 40. Qc4
Qa3 41. d6+ Kh8 42. Qc7 Nge6 43. Qf7 Rg1+ 44. Kxg1 Qa7+ 45. Qxa7 1-0

[Event "Liga Madrileña - DH 2011-2012"]
[Site "Madrid ESP"]
[Date "2012.02.19"]
[Round "11.24"]
[White "Lopez de Turiso, Jose Angel"]
[Black "Rudolf, Anna"]
[Result "0-1"]
[WhiteElo "2065"]
[BlackElo "2352"]
[PlyCount "72"]
[EventDate "2011.11.13"]
[EventType "team"]
[EventRounds "14"]
[EventCountry "ESP"]
[Source "lmi"]
[SourceDate "2011.11.13"]
[WhiteTeam "Leganes"]
[BlackTeam "Virgen de Atocha"]
[WhiteTeamCountry "ESP"]
[BlackTeamCountry "ESP"]

1. d4 e6 2. c4 Nf6 3. Nf3 b6 4. a3 Bb7 5. Bg5 Be7 6. Nc3 c5 7. e3 O-O 8. Bd3 h6
9. Bf4 cxd4 10. Nxd4 d6 11. Nde2 Nbd7 12. O-O a6 13. Rc1 Rc8 14. b4 Ne5 15.
Bxe5 dxe5 16. Ng3 Qc7 17. Qe2 Ba8 18. Rfd1 Qc6 19. Nce4 Nd7 20. f3 f5 21. Nc3
Rfd8 22. Qa2 Kh8 23. Be2 Nf8 24. Qb3 Ng6 25. Qa4 Rxd1+ 26. Rxd1 b5 27. cxb5
Qxc3 28. Qxa6 Bd5 29. Nxf5 exf5 30. Rxd5 Qxe3+ 31. Kf1 Rc2 32. b6 Nf4 33. b7
Rxe2 34. b8=Q+ Kh7 35. Qg8+ Kxg8 36. Qc8+ Bf8 0-1

[Event "Liga Madrileña - DH 2011-2012"]
[Site "Madrid ESP"]
[Date "2012.02.19"]
[Round "11.25"]
[White "Vazquez Torres, Adrian"]
[Black "Nunez Gutierrez, Juan Carlos"]
[Result "1/2-1/2"]
[WhiteElo "2145"]
[BlackElo "2049"]
[PlyCount "90"]
[EventDate "2011.11.13"]
[EventType "team"]
[EventRounds "14"]
[EventCountry "ESP"]
[Source "lmi"]
[SourceDate "2011.11.13"]
[WhiteTeam "Virgen de Atocha"]
[BlackTeam "Leganes"]
[WhiteTeamCountry "ESP"]
[BlackTeamCountry "ESP"]

1. e4 e5 2. Nf3 Nf6 3. Nxe5 d6 4. Nc4 Nxe4 5. Nc3 Nf6 6. d4 d5 7. Ne5 Nbd7 8.
Bd3 Bd6 9. O-O O-O 10. Nxd7 Bxd7 11. Bg5 c6 12. Kh1 h6 13. Bh4 Qc7 14. Bxf6
gxf6 15. Qh5 Kg7 16. Ne2 Rh8 17. Ng3 Rag8 18. Qh4 h5 19. Rae1 Bg4 20. Nf5+ Bxf5
21. Bxf5 Qd8 22. f4 Re8 23. Rd1 Re3 24. Rf3 Rxf3 25. gxf3 Kf8 26. Re1 Rg8 27.
Bh7 Rg7 28. Bd3 Bc7 29. Qxh5 Bxf4 30. Qf5 Qc7 31. h4 Rg6 32. h5 Rg5 33. Qh7 Qd7
34. Bf1 Qf5 35. Qh8+ Rg8 36. Re8+ Kxe8 37. Qxg8+ Ke7 38. Qg4 Qxg4 39. fxg4 Bc1
40. b3 Bb2 41. h6 f5 42. gxf5 Kf6 43. Bd3 Bxd4 44. Kg2 Kg5 45. h7 Kh6 1/2-1/2

[Event "Liga Madrileña - DH 2011-2012"]
[Site "Madrid ESP"]
[Date "2012.02.19"]
[Round "11.26"]
[White "Pedrajas Estepa, Manuel"]
[Black "Suarez Triguero, Jose Alfonso"]
[Result "1/2-1/2"]
[WhiteElo "2044"]
[BlackElo "2083"]
[PlyCount "44"]
[EventDate "2011.11.13"]
[EventType "team"]
[EventRounds "14"]
[EventCountry "ESP"]
[Source "lmi"]
[SourceDate "2011.11.13"]
[WhiteTeam "Leganes"]
[BlackTeam "Virgen de Atocha"]
[WhiteTeamCountry "ESP"]
[BlackTeamCountry "ESP"]

1. e4 Nf6 2. e5 Ng8 3. Nf3 d6 4. Bc4 d5 5. Bb3 Bg4 6. d4 e6 7. Be3 c5 8. dxc5
Nc6 9. Ba4 Nge7 10. b4 a6 11. c3 Ng6 12. Bd4 Nh4 13. Rg1 Bxf3 14. gxf3 Nf5 15.
Qd3 Qh4 16. Nd2 Be7 17. O-O-O O-O 18. Rg4 Qxh2 19. Bxc6 bxc6 20. Rdg1 g6 21. f4
h5 22. R4g2 Qh4 1/2-1/2

[Event "Liga Madrileña - DH 2011-2012"]
[Site "Madrid ESP"]
[Date "2012.02.19"]
[Round "11.31"]
[White "Alcazar Jimenez, Victor Manuel"]
[Black "Moreno Trujillo, Alejandro"]
[Result "1/2-1/2"]
[WhiteElo "2379"]
[BlackElo "2474"]
[PlyCount "81"]
[EventDate "2011.11.13"]
[EventType "team"]
[EventRounds "14"]
[EventCountry "ESP"]
[Source "lmi"]
[SourceDate "2011.11.13"]
[WhiteTeam "Blanco y Negro"]
[BlackTeam "64 Villalba"]
[WhiteTeamCountry "ESP"]
[BlackTeamCountry "ESP"]

1. c4 e6 2. e4 d5 3. exd5 exd5 4. cxd5 Nf6 5. Nc3 Nxd5 6. Bc4 Nb6 7. Bb3 Nc6 8.
Nge2 Bd6 9. d4 O-O 10. Qd3 Qh4 11. a3 Qh5 12. Bc2 Qg6 13. Ne4 Bf5 14. f3 Rad8
15. Be3 Rfe8 16. g4 Bxe4 17. fxe4 Bb4+ 18. Nc3 Bc5 19. Nb5 Bxd4 20. Bxd4 Nxd4
21. Nxd4 c5 22. O-O-O cxd4 23. Kb1 Re5 24. h3 Qc6 25. Qg3 Rc5 26. Bb3 Kh8 27.
Bxf7 Qxe4+ 28. Ka1 Qe5 29. Qd3 Qc7 30. Ba2 Nc4 31. Rhe1 g6 32. Qf3 Qg7 33. Re4
Rcc8 34. Qd3 Ne5 35. Qe2 Nc6 36. Re1 Rf8 37. g5 Rcd8 38. Qd3 Qd7 39. h4 Rde8
40. Be6 Qg7 41. Qc4 1/2-1/2

[Event "Liga Madrileña - DH 2011-2012"]
[Site "Madrid ESP"]
[Date "2012.02.19"]
[Round "11.32"]
[White "Moreno Tejera, Emilio"]
[Black "Alarcia Astiz, Carlos"]
[Result "1/2-1/2"]
[WhiteElo "2319"]
[BlackElo "2313"]
[PlyCount "112"]
[EventDate "2011.11.13"]
[EventType "team"]
[EventRounds "14"]
[EventCountry "ESP"]
[Source "lmi"]
[SourceDate "2011.11.13"]
[WhiteTeam "64 Villalba"]
[BlackTeam "Blanco y Negro"]
[WhiteTeamCountry "ESP"]
[BlackTeamCountry "ESP"]

1. e4 c6 2. d4 d5 3. e5 Bf5 4. c3 e6 5. Be3 Nd7 6. Nd2 Ne7 7. f4 h5 8. Be2 h4
9. Bf3 Qc7 10. Ne2 c5 11. c4 dxc4 12. Nxc4 Nd5 13. Rc1 Rd8 14. Qb3 b6 15. O-O
Be7 16. Nc3 Nxc3 17. bxc3 O-O 18. Bf2 Rb8 19. Ne3 c4 20. Qb5 Bd3 21. d5 exd5
22. Nxd5 Qd8 23. Rfe1 Bc5 24. Nb4 Qe8 25. Bc6 Bxf2+ 26. Kxf2 Rd8 27. Re3 Qe6
28. Qd5 Nc5 29. Qf3 a5 30. Nc2 Bxc2 31. Rxc2 Nd3+ 32. Kg1 Nxf4 33. Qxf4 Qxc6
34. Qxh4 Rd3 35. Re1 Rfd8 36. Qg4 Qc5+ 37. Kh1 Qxe5 38. Rce2 Qb5 39. Re7 Qc6
40. Qh5 g6 41. Qg4 Rxc3 42. h4 Qf6 43. R7e4 b5 44. Rf4 Qc6 45. Ref1 Rcd3 46. h5
R3d6 47. Rxf7 Rd1 48. hxg6 Rxf1+ 49. Rxf1 c3 50. Qh5 Qd7 51. Kh2 Qd6+ 52. g3
Qd2+ 53. Kh3 Qd7+ 54. Kh2 Qd2+ 55. Kh3 Qd7+ 56. Kh2 Qd2+ 1/2-1/2

[Event "Liga Madrileña - DH 2011-2012"]
[Site "Madrid ESP"]
[Date "2012.02.19"]
[Round "11.33"]
[White "Alcazar Jimenez, Jesus Alberto"]
[Black "Renteria Becerra, Jorge Elicer"]
[Result "0-1"]
[WhiteElo "2252"]
[BlackElo "2328"]
[PlyCount "132"]
[EventDate "2011.11.13"]
[EventType "team"]
[EventRounds "14"]
[EventCountry "ESP"]
[Source "lmi"]
[SourceDate "2011.11.13"]
[WhiteTeam "Blanco y Negro"]
[BlackTeam "64 Villalba"]
[WhiteTeamCountry "ESP"]
[BlackTeamCountry "ESP"]

1. Nf3 c5 2. d3 Nc6 3. Nbd2 e5 4. g3 g6 5. Bg2 Bg7 6. O-O Nge7 7. Ne4 d6 8. c4
f5 9. Nc3 O-O 10. Ne1 Rb8 11. f4 a6 12. Nc2 b5 13. Nd5 Bb7 14. Rb1 Nxd5 15.
cxd5 Nd4 16. Na3 e4 17. dxe4 fxe4 18. e3 b4 19. Nc4 Bxd5 20. b3 Bxc4 21. bxc4
Nf5 22. Qd5+ Kh8 23. g4 Nh6 24. h3 Ng8 25. Qxe4 Re8 26. Qd3 Qe7 27. Rd1 Nf6 28.
Bb2 Rbd8 29. e4 Rf8 30. Qe3 Ne8 31. e5 Nc7 32. Qe4 dxe5 33. Bxe5 Bxe5 34. Qxe5+
Qxe5 35. fxe5 Ne6 36. Rd5 a5 37. Rbd1 a4 38. Be4 Nd4 39. Kg2 Rc8 40. Rf1 Rxf1
41. Kxf1 Rc7 42. Ke1 Kg7 43. Kd2 b3 44. axb3 a3 45. Bb1 Nxb3+ 46. Kc2 Nd4+ 47.
Kc1 Rf7 48. e6 Rf1+ 49. Kd2 Rxb1 50. Rd7+ Kf6 51. e7 Kf7 52. Ra7 Nc6 53. e8=Q+
Kxe8 54. Rxa3 Kd7 55. Rd3+ Nd4 56. Ra3 Rb7 57. h4 Kd6 58. h5 Ke5 59. Ra6 gxh5
60. gxh5 Ke4 61. h6 Rb2+ 62. Ke1 Ke3 63. Kf1 Rf2+ 64. Ke1 Rh2 65. Ra3+ Ke4 66.
Ra5 Rh5 0-1

[Event "Liga Madrileña - DH 2011-2012"]
[Site "Madrid ESP"]
[Date "2012.02.19"]
[Round "11.34"]
[White "Bolado Saez, Sergio"]
[Black "Mena Borras, Mario"]
[Result "1-0"]
[WhiteElo "2361"]
[BlackElo "2105"]
[PlyCount "49"]
[EventDate "2011.11.13"]
[EventType "team"]
[EventRounds "14"]
[EventCountry "ESP"]
[Source "lmi"]
[SourceDate "2011.11.13"]
[WhiteTeam "64 Villalba"]
[BlackTeam "Blanco y Negro"]
[WhiteTeamCountry "ESP"]
[BlackTeamCountry "ESP"]

1. d4 e6 2. c4 f5 3. Nc3 Nf6 4. e3 Bb4 5. Nge2 Ne4 6. Qb3 a5 7. a3 Bxc3+ 8.
Nxc3 Nxc3 9. Qxc3 a4 10. Bd3 O-O 11. e4 d6 12. Be3 f4 13. Bd2 Nd7 14. g3 e5 15.
gxf4 exf4 16. Rg1 Qh4 17. O-O-O Nf6 18. f3 Bh3 19. c5 d5 20. e5 Nd7 21. c6 bxc6
22. Qxc6 Nb6 23. Kb1 Qd8 24. Qh6 Qd7 25. Qxh7+ 1-0

[Event "Liga Madrileña - DH 2011-2012"]
[Site "Madrid ESP"]
[Date "2012.02.19"]
[Round "11.35"]
[White "Aguado Solana, Juan"]
[Black "Gongora Montes, Benjamin"]
[Result "1-0"]
[WhiteElo "2050"]
[BlackElo "2217"]
[PlyCount "55"]
[EventDate "2011.11.13"]
[EventType "team"]
[EventRounds "14"]
[EventCountry "ESP"]
[Source "lmi"]
[SourceDate "2011.11.13"]
[WhiteTeam "Blanco y Negro"]
[BlackTeam "64 Villalba"]
[WhiteTeamCountry "ESP"]
[BlackTeamCountry "ESP"]

1. e4 e6 2. d4 d5 3. e5 c5 4. c3 Bd7 5. Nf3 a6 6. Bd3 Bb5 7. Bxb5+ axb5 8. dxc5
Bxc5 9. b4 Be7 10. Qe2 Qc7 11. Qxb5+ Nc6 12. O-O Kf8 13. Be3 Nxe5 14. Nxe5 Qxe5
15. Nd2 Qxc3 16. Qxb7 Rd8 17. Rab1 d4 18. Ne4 Qc4 19. Bf4 f6 20. Bc7 Rd5 21.
Rfc1 Qxa2 22. Nd6 g6 23. Qc8+ Kg7 24. Qxe6 d3 25. Qf7+ Kh6 26. Nf5+ Kg5 27. Ne3
d2 28. h4+ 1-0

[Event "Liga Madrileña - DH 2011-2012"]
[Site "Madrid ESP"]
[Date "2012.02.19"]
[Round "11.36"]
[White "Bermejo Arruego, Luis"]
[Black "Fayos Mestre, Jose Maria"]
[Result "1-0"]
[WhiteElo "2171"]
[BlackElo "2029"]
[PlyCount "52"]
[EventDate "2011.11.13"]
[EventType "team"]
[EventRounds "14"]
[EventCountry "ESP"]
[Source "lmi"]
[SourceDate "2011.11.13"]
[WhiteTeam "64 Villalba"]
[BlackTeam "Blanco y Negro"]
[WhiteTeamCountry "ESP"]
[BlackTeamCountry "ESP"]

1. e4 d6 2. d4 Nf6 3. Nc3 g6 4. Be3 c6 5. Qd2 Nbd7 6. O-O-O b5 7. d5 b4 8. dxc6
bxc3 9. cxd7+ Bxd7 10. Qxc3 Bg7 11. f3 O-O 12. Bd4 Rc8 13. Qd2 Qc7 14. Bd3 Bb5
15. Ne2 Bxd3 16. Qxd3 e5 17. Bc3 Rfd8 18. Qa6 d5 19. exd5 Nxd5 20. Rd3 e4 21.
fxe4 Nxc3 22. Nxc3 Re8 23. Qa4 Qf4+ 24. Kb1 Bxc3 25. Rxc3 Rb8 26. Rb3 Rxb3 1-0

[Event "Liga Madrileña - DH 2011-2012"]
[Site "Madrid ESP"]
[Date "2012.02.19"]
[Round "11.42"]
[White "Candela Perez, Jose"]
[Black "Solaesa Navalpotro, Luis Julio"]
[Result "1-0"]
[WhiteElo "2424"]
[BlackElo "2270"]
[PlyCount "109"]
[EventDate "2011.11.13"]
[EventType "team"]
[EventRounds "14"]
[EventCountry "ESP"]
[Source "lmi"]
[SourceDate "2011.11.13"]
[WhiteTeam "La Casa del Ajedrez"]
[BlackTeam "Moratalaz"]
[WhiteTeamCountry "ESP"]
[BlackTeamCountry "ESP"]

1. d4 Nf6 2. c4 c5 3. d5 b5 4. cxb5 a6 5. bxa6 g6 6. Nc3 Bxa6 7. e4 Bxf1 8.
Kxf1 d6 9. g3 Bg7 10. Kg2 Nbd7 11. Nge2 O-O 12. Qc2 Ra6 13. b3 Qa8 14. Bb2 e6
15. Nf4 exd5 16. Nfxd5 Qb7 17. Nxf6+ Nxf6 18. f3 d5 19. Nxd5 Nxd5 20. exd5 Bxb2
21. Qxb2 Qxd5 22. Rhd1 Qb7 23. Qf2 Re8 24. Rac1 Rf6 25. Rd3 Rfe6 26. Rd2 Qa6
27. Rcc2 Re5 28. Qf1 Qf6 29. Re2 h5 30. Rxe5 Qxe5 31. Qf2 Rc8 32. Rc4 Qf5 33.
Qc2 Qxc2+ 34. Rxc2 Ra8 35. Kf2 Kf8 36. Ke3 Ke7 37. Kd3 Kd6 38. Kc4 Rb8 39. a3
Ra8 40. a4 Rb8 41. a5 Kc6 42. a6 Rb4+ 43. Kc3 Kb6 44. Ra2 Ka7 45. Ra4 Rb6 46.
Kc4 Rf6 47. f4 h4 48. Kxc5 hxg3 49. hxg3 g5 50. Rd4 gxf4 51. Rxf4 Rg6 52. Rxf7+
Kxa6 53. Rf3 Rg4 54. Kd5 Kb5 55. Ke5 1-0

[Event "Liga Madrileña - DH 2011-2012"]
[Site "Madrid ESP"]
[Date "2012.02.19"]
[Round "11.43"]
[White "Rodriguez Yuste, Marcelo"]
[Black "Rojo Huerta, Gabriel"]
[Result "1-0"]
[WhiteElo "2234"]
[BlackElo "2355"]
[PlyCount "63"]
[EventDate "2011.11.13"]
[EventType "team"]
[EventRounds "14"]
[EventCountry "ESP"]
[Source "lmi"]
[SourceDate "2011.11.13"]
[WhiteTeam "Moratalaz"]
[BlackTeam "La Casa del Ajedrez"]
[WhiteTeamCountry "ESP"]
[BlackTeamCountry "ESP"]

1. e4 c5 2. Nf3 Nc6 3. d4 cxd4 4. Nxd4 Nf6 5. Nc3 e5 6. Ndb5 d6 7. Bg5 a6 8.
Na3 b5 9. Nd5 Be7 10. Nxe7 Nxe7 11. Bxf6 gxf6 12. Qd2 Bb7 13. f3 d5 14. exd5
Qxd5 15. O-O-O O-O-O 16. Qxd5 Nxd5 17. c4 Nb4 18. Be2 Rhg8 19. Rxd8+ Kxd8 20.
Rd1+ Kc7 21. Bf1 e4 22. fxe4 Bxe4 23. cxb5 Nxa2+ 24. Kd2 Bxg2 25. Kc2 Nb4+ 26.
Kb3 a5 27. Bxg2 Rxg2 28. Nc4 Nc2 29. b6+ Kc8 30. Nxa5 Rg5 31. b7+ Kc7 32. Rd7+
1-0

[Event "Liga Madrileña - DH 2011-2012"]
[Site "Madrid ESP"]
[Date "2012.02.19"]
[Round "11.44"]
[White "Suarez Uriel, Adrian"]
[Black "Ramirez Garcia, Jorge Alberto"]
[Result "0-1"]
[WhiteElo "2238"]
[BlackElo "2177"]
[PlyCount "58"]
[EventDate "2011.11.13"]
[EventType "team"]
[EventRounds "14"]
[EventCountry "ESP"]
[Source "lmi"]
[SourceDate "2011.11.13"]
[WhiteTeam "La Casa del Ajedrez"]
[BlackTeam "Moratalaz"]
[WhiteTeamCountry "ESP"]
[BlackTeamCountry "ESP"]

1. e4 e6 2. d4 d5 3. Nc3 Nf6 4. Bg5 dxe4 5. Nxe4 Be7 6. Bxf6 gxf6 7. Nf3 b6 8.
Bd3 Bb7 9. Qe2 Nd7 10. O-O-O c6 11. Rhe1 Qc7 12. Ng3 O-O-O 13. Kb1 c5 14. Be4
Rhe8 15. d5 Nf8 16. c4 Ng6 17. Nh5 f5 18. Bc2 Nf4 19. Nxf4 Qxf4 20. Ne5 Bf6 21.
Nxf7 exd5 22. Qf1 Rxe1 23. Qxe1 d4 24. Nxd8 Kxd8 25. Qe6 Qe5 26. Qg8+ Kc7 27.
Qxh7+ Kb8 28. f3 d3 29. Qg8+ Bc8 0-1

[Event "Liga Madrileña - DH 2011-2012"]
[Site "Madrid ESP"]
[Date "2012.02.19"]
[Round "11.45"]
[White "Sanchez Ortega, Ivan"]
[Black "Unciti Juan, Javier"]
[Result "0-1"]
[WhiteElo "1654"]
[BlackElo "2143"]
[PlyCount "66"]
[EventDate "2011.11.13"]
[EventType "team"]
[EventRounds "14"]
[EventCountry "ESP"]
[Source "lmi"]
[SourceDate "2011.11.13"]
[WhiteTeam "Moratalaz"]
[BlackTeam "La Casa del Ajedrez"]
[WhiteTeamCountry "ESP"]
[BlackTeamCountry "ESP"]

1. e4 e6 2. d4 d5 3. exd5 exd5 4. Bd3 Nc6 5. Nf3 Bd6 6. O-O Bg4 7. Re1+ Nge7 8.
c3 Qd7 9. Nbd2 O-O-O 10. Nf1 Kb8 11. Bg5 f6 12. Bh4 g5 13. Bg3 h5 14. h3 Bxg3
15. Nxg3 h4 16. Nf1 Bh5 17. N1h2 Ng6 18. Qc2 Nce7 19. Re3 Nf4 20. Rae1 Rde8 21.
b3 Nxd3 22. Qxd3 Nf5 23. Rxe8+ Rxe8 24. Rxe8+ Bxe8 25. Ng4 Qe6 26. Kf1 Bh5 27.
Nfh2 Nd6 28. Qh7 Be8 29. Qd3 Bb5 30. c4 dxc4 31. Qe3 cxb3+ 32. Ke1 Qxe3+ 33.
Nxe3 b2 0-1

[Event "Liga Madrileña - DH 2011-2012"]
[Site "Madrid ESP"]
[Date "2012.02.26"]
[Round "12.13"]
[White "Renteria Becerra, Jorge Elicer"]
[Black "Sanchez-Alarcos Galian, Victor"]
[Result "1-0"]
[WhiteElo "2328"]
[BlackElo "2242"]
[PlyCount "85"]
[EventDate "2011.11.13"]
[EventType "team"]
[EventRounds "14"]
[EventCountry "ESP"]
[Source "lmi"]
[SourceDate "2011.11.13"]
[WhiteTeam "64 Villalba"]
[BlackTeam "Moratalaz"]
[WhiteTeamCountry "ESP"]
[BlackTeamCountry "ESP"]

1. e4 c6 2. d4 d5 3. e5 Bf5 4. h4 h5 5. Bg5 Qb6 6. Bd3 Bxd3 7. Qxd3 e6 8. Nd2
Ne7 9. Ngf3 Nf5 10. O-O Nd7 11. c4 Be7 12. cxd5 cxd5 13. Bxe7 Nxe7 14. Rfc1 O-O
15. Rc3 Rfc8 16. Rac1 Rc6 17. Rxc6 bxc6 18. Qa3 Kf8 19. Rc3 Ke8 20. Nb3 a5 21.
Nc5 Nxc5 22. Rxc5 Nf5 23. Qc3 Ra6 24. b3 Kd7 25. g3 Qb4 26. Qd3 Rb6 27. Kg2 a4
28. Rc3 Qa5 29. bxa4 Rb4 30. Rb3 Qxa4 31. Rxb4 Qxb4 32. Qa6 c5 33. a3 Qb2 34.
Qa7+ Kd8 35. Ng5 Qxd4 36. Nxf7+ Ke8 37. Nd6+ Nxd6 38. exd6 Qf6 39. Qxc5 Qd8 40.
a4 Qa8 41. Kh2 g5 42. Qc7 Qd8 43. Qxd8+ 1-0